| 000 | 00967cam a2200301 a 4500 | ||
|---|---|---|---|
| 999 |
_c7355 _d7355 |
||
| 001 | 13729747 | ||
| 003 | OSt | ||
| 005 | 20190208100006.0 | ||
| 008 | 040924s2004 tnu 000 0 eng d | ||
| 010 | _a 2004302811 | ||
| 020 | _a0805430806 | ||
| 035 | _a(OCoLC)ocm55733715 | ||
| 040 |
_aTNE _cTNE _dDLC |
||
| 042 | _alccopycat | ||
| 050 | 0 | 0 |
_aBV4811 _b.H842 2004 |
| 082 | 0 | 0 |
_a242.5 _222 _bH893E |
| 100 | 1 | _aHughes, Selwyn. | |
| 245 | 1 | 0 |
_aEvery day with Jesus / _cby Selwyn Hughes. |
| 260 |
_aNashville, Tenn. : _bBroadman & Holman, _cc2004. |
||
| 300 |
_a125 p. ; _c17 cm. |
||
| 500 | _a"Devotional collection". | ||
| 650 | 0 | _aStanding Strong | |
| 650 | 0 |
_aStill Waters _xBringing Down Giants |
|
| 856 | 4 | 2 |
_3Publisher description _uhttp://www.loc.gov/catdir/enhancements/fy1003/2004302811-d.html |
| 906 |
_a7 _bcbc _ccopycat _d2 _encip _f20 _gy-gencatlg |
||
| 942 |
_2ddc _cBK |
||